Relato de mi vida

Guardat en:
Dades bibliogràfiques
Autors principals: Mann, Thomas (autor), Mann, Erika (Autor)
Format: Llibre
Idioma:espanyol
Publicat: Madrid Alianza 1969
Edició:1a. ed
Col·lecció:El Libro de Bolsillo. Literatura, 167
Matèries:
Etiquetes: Afegir etiqueta
Sense etiquetes, Sigues el primer a etiquetar aquest registre!

MARC

LEADER 00000cam a2200000 a 4500
001 UCE7289
003 CL-VaPUC
008 150605e19690000sp |||||||||||||||||spa|d
020 |a 8420611670 
082 0 4 |a 927  |b MAN  |2 21 
100 |a Mann, Thomas  |e autor  |9 338731 
700 0 |a Mann, Erika  |e author  |9 579974 
245 1 0 |a Relato de mi vida 
246 1 3 |a El último año de mi padre 
250 |a 1a. ed 
300 |a 223 p 
942 |c BK 
945 |d 20150605 14:50:00  |a dcastane 
260 |a Madrid  |b Alianza  |c 1969 
650 0 |a Biografías  |9 255210 
650 7 |a ESCRITORES ALEMANES  |2 CL-VaPUC  |9 449823 
650 0 |a Literatura alemana   |9 265457 
583 |a last modification  |c 20150605 14:50:00  |k Rodrigo Vera 
490 0 |a El Libro de Bolsillo. Literatura, 167 
999 |c 359390  |d 359388 
952 |0 0  |1 0  |3 erb  |4 0  |6 927_000000000000000_MAN_1969  |7 0  |8 A  |9 468561  |a BIBEDU  |b BIBEDU  |e Villagrán Garnham, Jorge  |i 5177006  |l 1  |m 1  |o 927 MAN 1969  |p 5177006  |r 2023-09-28  |s 2023-08-23  |w 2019-11-23  |y BK  |z Catalogado en:20150605  |k LIT